Fundamentals of database systems (Record no. 121417)

MARC details
000 -LEADER
fixed length control field 00552nam a2200229Ia 4500
003 - CONTROL NUMBER IDENTIFIER
control field OSt
005 - DATE AND TIME OF LATEST TRANSACTION
control field 20260107152413.0
008 - FIXED-LENGTH DATA ELEMENTS--GENERAL INFORMATION
fixed length control field 210210b2015 xxu||||| |||| 00| 0 eng d
020 ## - INTERNATIONAL STANDARD BOOK NUMBER
International Standard Book Number 9788131758984
040 ## - CATALOGING SOURCE
Transcribing agency AL
041 ## - LANGUAGE CODE
Language code of text/sound track or separate title eng
082 ## - DEWEY DECIMAL CLASSIFICATION NUMBER
Classification number 005.74 ELMF
100 ## - MAIN ENTRY--PERSONAL NAME
Personal name Ramez Elmasri
9 (RLIN) 59688
245 ## - TITLE STATEMENT
Title Fundamentals of database systems
250 ## - EDITION STATEMENT
Edition statement 5
260 ## - PUBLICATION, DISTRIBUTION, ETC.
Place of publication, distribution, etc. Chennai
Name of publisher, distributor, etc. Pearson
Date of publication, distribution, etc. 2015
300 ## - PHYSICAL DESCRIPTION
Extent xxxii,1198
690 ## - LOCAL SUBJECT ADDED ENTRY--TOPICAL TERM (OCLC, RLIN)
Topical term or geographic name as entry element Computer Science
9 (RLIN) 59689
700 ## - ADDED ENTRY--PERSONAL NAME
9 (RLIN) 59690
Dates associated with a name Shamkant B ,Navathe
906 ## - LOCAL DATA ELEMENT F, LDF (RLIN)
a 071683
942 ## - ADDED ENTRY ELEMENTS (KOHA)
Source of classification or shelving scheme Dewey Decimal Classification
Koha item type Book
Holdings
Withdrawn status Lost status Source of classification or shelving scheme Damaged status Not for loan Collection code Home library Current library Shelving location Date acquired Source of acquisition Cost, normal purchase price Total Checkouts Full call number Barcode Date last seen Date last checked out Price effective from Koha item type
    Dewey Decimal Classification     Computer Applications & Animation St Aloysius Library St Aloysius Library Stack Section 02/17/2021 Super Book Services, Near Bangalore University, Bangalore-560056 600.00 6 005.74 ELMF 071683 03/24/2026 11/21/2025 02/17/2021 Book